000
00276nam a22001217a 4500
041
_a
ENG
100
_a
Jackson.M
245
_a
Fundamntals Of Engineering Science
260
_a
Delhi
_b
Hutchinson Technical Ed
_c
1961
300
_a
767
650
_a
GAE (15)
856
_u
GAE (15)
999
_c
2960
_d
2960